| 000 | 00468cam a22001934a 4500 | ||
|---|---|---|---|
| 005 | 20250605164325.0 | ||
| 008 | 250528s ||||||||||||||||||||||||d | ||
| 035 | _a23003 | ||
| 020 | _a978033736425 | ||
| 040 |
_aGR-AtMCL _bgre _dGR-AtMCL _eAACR2 |
||
| 245 | 1 | _aTHE COMPETITIVE ADVANTAGE OF NATIONS | |
| 250 | _a1 | ||
| 260 |
_bPalgrave Macmillan, _c1998 |
||
| 300 | _a855 | ||
| 700 | 1 |
_aPorter Michael E _92745 |
|
| 942 | _cBK | ||
| 999 |
_c8044 _d8044 |
||